LEADER 01553nam a2200349 a 4500 001 000000155339 003 CaOOAMICUS 005 20161020114647.0 008 161020s2015 fr u000 u fre r 020 $a979-10-90429-67-3* 032 $aLibriCat 040 $aPUL$bita 082 04$a346.436 110 1 $aAustria.$0(OLS)http://pul/name/6387 245 13$aLe Code civil autrichien (ABGB) :$bun autre bicentenaire (1811-2011) /$csous la direction de Franz-Stefan Meissel et Laurent Pfister. 260 $aParis :$bEditions Pantheon-Assas,$c©2015. 300 $a177 p. ;$c24 cm. 490 1 $aColloques 500 $aIn testa al front.: Université Pantheon-Assas. 650 4$aDiritto civile$zAustria.$0(OLS)http://pul/subject/18032 700 1 $aMeissel, Franz-Stefan.$0(OLS)http://pul/name/98923 700 1 $aPfister, Laurent.$0(OLS)http://pul/name/98924 710 2 $aUniversité Pantheon-Assas.$0(OLS)http://pul/name/98925 830 0$aColloques.$0(OLS)http://pul/title/194991 850 $aPUL 852 $aPUL$W1$xSL Diritto e Scienze Sociali 3$y79$m346. 436 MEIFR 1$j178415$qDDC 21$B181629$CPULBib$Z2$F181629 $H128238 $81 941 1 $a9 996 $6020$a979-10-90429-67-3*$9(OLS)http://pul/number/161362 996 $6082$a346.436$9(OLS)http://pul/classification/2991 996 $6245$aLe Code civil autrichien (ABGB) :$bun autre bicentenaire (1811-2011)$9(OLS)http://pul/title/194990 996 $6260$aParis :$bEditions Pantheon-Assas$9(OLS)http://pul/publisher/85561 LEADER 01349nam a2200337 a 4500 001 000000168514 003 CaOOAMICUS 005 20180703113922.0 008 180703s2017 it u000 u ita r 020 $a978-88-575-4128-0* 032 $aLibriCat 040 $aPUL$bita 082 04$a218 245 00$aFilosofia ed escatologia /$ca cura di Claudio Ciancio, Maurizio Pagano, Ezio Gamba. 260 $aMilano ; Udine :$bMimesis,$c©2017. 300 $a765 p. ;$c21 cm. 490 1 $aEssere e libertà 504 $aBibliografia in nota. 650 4$aEscatologia$xDottrine$xStoria.$0(OLS)http://pul/subject/15642 700 1 $aGamba, Ezio.$0(OLS)http://pul/name/108548 700 1 $aCiancio, Claudio,$d1946-$0(OLS)http://pul/name/30511 700 1 $aPagano, Maurizio.$0(OLS)http://pul/name/108547 830 0$aEssere e libertà.$0(OLS)http://pul/title/151497 850 $aPUL 852 $aPUL$W1$xSL Religione 3$y85$m218 CIACL 1$j191973$qDDC 21$B196429$CPULBib$Z2$F196429 $H131069 $81 941 1 $a9 996 $6020$a978-88-575-4128-0*$9(OLS)http://pul/number/164458 996 $6082$a218$9(OLS)http://pul/classification/2519 996 $6245$aFilosofia ed escatologia$9(OLS)http://pul/title/208913 996 $6260$aMilano ; Udine :$bMimesis$9(OLS)http://pul/publisher/81060